[Event "Mittelfranken-ch QT"]
[Site "Nuremberg"]
[Date "2019.04.18"]
[Round "3.2"]
[White "Diebel, Guenter"]
[Black "Petrov, Mikhail3333"]
[Result "0-1"]
[WhiteElo "1854"]
[BlackElo "1905"]
[PlyCount "58"]
[EventDate "2019.04.17"]
[EventType "swiss"]
[EventRounds "7"]
[EventCountry "GER"]
[SourceTitle "EXT 2022"]
[Source "ChessBase"]
[SourceDate "2021.10.06"]
[SourceVersion "1"]
[SourceVersionDate "2021.10.06"]
[SourceQuality "1"]

1. e4 e6 2. d4 d5 3. exd5 exd5 4. Be3 Nf6 5. Bd3 c6 6. Nf3 Qb6 7. b3 Bg4 8. h3 Bh5 9. 0-0 Bd6 10. Nbd2 Nbd7 11. Be2 0-0 12. Rb1 Qa5 13. a4 Qc3 14. Ne1 Bxe2 15. Qxe2 Rfe8 16. Qd3 Bb4 17. Qxc3 Bxc3 18. b4 Rxe3 19. fxe3 Bxd2 20. Rf3 Re8 21. Kf2 Ne4+ 22. Kf1 Nb6 23. Nd3 Nc4 24. Ne5 Nxe3+ 25. Ke2 Nxc2 26. Kd3 Nxb4+ 27. Rxb4 Bxb4 28. Rxf7 Rxe5 29. Rxb7 Nf2+ 0-1

[Event "Mittelfranken-chTB2a 1819"]
[Site "Mittelfranken"]
[Date "2018.10.14"]
[Round "1.8"]
[White "Diebel, Guenter"]
[Black "Barani, Stefan"]
[Result "1-0"]
[WhiteElo "1751"]
[BlackElo "1184"]
[PlyCount "63"]
[EventDate "2018.10.14"]
[EventType "team-tourn"]
[EventRounds "9"]
[EventCountry "GER"]
[SourceTitle "EXT 2022"]
[Source "ChessBase"]
[SourceDate "2021.10.06"]
[SourceVersion "1"]
[SourceVersionDate "2021.10.06"]
[SourceQuality "1"]
[WhiteTeam "Nuernberg Sued SW IV"]
[BlackTeam "Dinkelsbuehl"]
[WhiteTeamCountry "GER"]
[BlackTeamCountry "GER"]

1. e4 e5 2. Nc3 Nf6 3. Bc4 Nc6 4. Nf3 Bc5 5. d3 0-0 6. Bg5 h6 7. Bh4 d6 8. Nd5 Be6 9. Bxf6 gxf6 10. c3 Bxd5 11. exd5 Ne7 12. b4 Bb6 13. a4 a5 14. b5 c6 15. dxc6 bxc6 16. Nh4 f5 17. Qh5 d5 18. Bb3 Qd6 19. Nxf5 Nxf5 20. Qxf5 Rae8 21. 0-0 Bc7 22. g3 d4 23. cxd4 Qxd4 24. Qg6+ Kh8 25. Qxh6+ Kg8 26. Qg6+ Kh8 27. Bxf7 Rxf7 28. Qxf7 Rc8 29. Rac1 c5 30. Rc4 Qd6 31. Rh4+ Qh6 32. Rxh6# 1-0

[Event "Nuremberg Zabo op 19th"]
[Site "Nuremberg"]
[Date "2017.09.17"]
[Round "5"]
[White "Mankus, Siegfried"]
[Black "Diebel, Guenter"]
[Result "0-1"]
[WhiteElo "1400"]
[BlackElo "1643"]
[PlyCount "58"]
[EventDate "2017.09.15"]
[EventType "swiss"]
[EventRounds "5"]
[EventCountry "GER"]
[SourceTitle "EXT 2022"]
[Source "ChessBase"]
[SourceDate "2021.10.06"]
[SourceVersion "1"]
[SourceVersionDate "2021.10.06"]
[SourceQuality "1"]

1. d4 c6 2. c4 g6 3. Nc3 Bg7 4. Nf3 d6 5. e3 Bg4 6. h3 Bxf3 7. Qxf3 Nf6 8. Bd3 Nbd7 9. 0-0 a6 10. b3 e5 11. dxe5 Nxe5 12. Qe2 0-0 13. Bb2 Re8 14. Rfd1 Qc7 15. Rd2 b5 16. Rc1 b4 17. Na4 c5 18. Rcd1 Rad8 19. Bb1 a5 20. Bxe5 Rxe5 21. Nb2 Ne4 22. Bxe4 Rxe4 23. Rd5 Re5 24. R1d3 Rxd5 25. Rxd5 Re8 26. Nd3 Qc6 27. Qd1 Rd8 28. Nxc5 dxc5 29. Rxd8+ Bf8 0-1

[Event "Nuremberg Zabo op 18th"]
[Site "Nuremberg"]
[Date "2016.09.17"]
[Round "2"]
[White "Forche, Peter"]
[Black "Diebel, Guenter"]
[Result "0-1"]
[WhiteElo "1382"]
[BlackElo "1738"]
[PlyCount "42"]
[EventDate "2016.09.16"]
[EventType "swiss"]
[EventRounds "5"]
[EventCountry "GER"]
[SourceTitle "EXT 2018"]
[Source "ChessBase"]
[SourceDate "2017.10.13"]
[SourceVersion "1"]
[SourceVersionDate "2017.10.13"]
[SourceQuality "1"]

1. d4 c6 2. Bf4 d5 3. e3 Nf6 4. Bd3 g6 5. Nf3 Nh5 6. Bg3 Bg4 7. Nbd2 e6 8. c3 Nxg3 9. hxg3 e5 10. dxe5 f5 11. Be2 Bg7 12. Nh4 Bxe2 13. Qxe2 Nd7 14. 0-0-0 Qb6 15. Nb3 a5 16. a4 Qxb3 17. Qc2 Qxc2+ 18. Kxc2 Nc5 19. b4 Rf8 20. f4 Ne4 21. Rh2 Nxg3 0-1

[Event "Mittelfranken-chTB2b 1516"]
[Site "Mittelfranken"]
[Date "2016.04.17"]
[Round "9.5"]
[White "Gagel, Roland"]
[Black "Diebel, Guenter"]
[Result "1-0"]
[WhiteElo "1771"]
[BlackElo "1737"]
[PlyCount "53"]
[EventDate "2015.10.18"]
[EventType "team-tourn"]
[EventRounds "9"]
[EventCountry "GER"]
[SourceTitle "EXT 2020"]
[Source "ChessBase"]
[SourceDate "2019.10.17"]
[SourceVersion "1"]
[SourceVersionDate "2019.10.17"]
[SourceQuality "1"]
[WhiteTeam "Forchheim III"]
[BlackTeam "Nuernberg Sued SW V"]
[WhiteTeamCountry "GER"]
[BlackTeamCountry "GER"]

1. d4 b6 2. c4 Bb7 3. Nc3 e6 4. e4 Nf6 5. Bd3 Bb4 6. Qe2 Nc6 7. Be3 e5 8. d5 Nd4 9. Qd1 c6 10. f4 cxd5 11. fxe5 Nxe4 12. Bxe4 Qh4+ 13. Kf1 Bxc3 14. bxc3 Qxe4 15. Qxd4 Qf5+ 16. Nf3 dxc4 17. Kf2 0-0 18. Rhf1 Bxf3 19. gxf3 Rfe8 20. Bf4 Rad8 21. Rae1 b5 22. Rg1 a5 23. e6 f6 24. e7 Rc8 25. a3 Rc6 26. Bd6 Qd3 27. Qxf6 1-0

[Event "Mittelfranken-ch QT"]
[Site "Nuremberg"]
[Date "2016.03.26"]
[Round "7"]
[White "Diller, Peter"]
[Black "Diebel, Guenter"]
[Result "1-0"]
[WhiteElo "1999"]
[BlackElo "1819"]
[PlyCount "117"]
[EventDate "2016.03.23"]
[EventType "swiss"]
[EventRounds "7"]
[EventCountry "GER"]
[SourceTitle "EXT 2018"]
[Source "ChessBase"]
[SourceDate "2017.10.13"]
[SourceVersion "1"]
[SourceVersionDate "2017.10.13"]
[SourceQuality "1"]

1. e4 c5 2. f4 Nc6 3. Nf3 d6 4. c3 Bg4 5. Bd3 e5 6. Bc4 Bxf3 7. Qxf3 exf4 8. d3 Ne5 9. Bb5+ Ke7 10. Qxf4 a6 11. d4 cxd4 12. cxd4 Ng6 13. Qf3 axb5 14. 0-0 f6 15. Nc3 Ke8 16. Nxb5 Qb6 17. a4 N8e7 18. Be3 h5 19. e5 Nh4 20. Qe4 Nhf5 21. exf6 Nxe3 22. Qxe3 gxf6 23. Rxf6 Rd8 24. Raf1 Rg8 25. Qe6 Qc6 26. Qf7+ Kd7 27. Rxd6+ Qxd6 28. Nxd6 Kxd6 29. Rf6+ Kc7 30. Qxh5 Rd5 31. Qf3 Bg7 32. Rf7 Bxd4+ 33. Kf1 Rd7 34. b4 Rgd8 35. b5 Bb6 36. g3 Kb8 37. h4 Rd1+ 38. Kg2 R8d3 39. Qe4 Re3 40. Qxe3 Bxe3 41. Rxe7 Bc5 42. Re4 b6 43. g4 Rd4 44. Kf3 Kc7 45. g5 Kd7 46. h5 Rxe4 47. Kxe4 Ke6 48. h6 Bb4 49. Kd3 Kf7 50. h7 Kg7 51. g6 Be7 52. Kc4 Bf6 53. a5 bxa5 54. b6 Bd8 55. b7 Bc7 56. Kd5 a4 57. Ke6 a3 58. h8Q+ Kxh8 59. Kf7 1-0

[Event "Mittelfranken Mitte-ch"]
[Site "Zirndorf"]
[Date "2016.01.04"]
[Round "5"]
[White "Faralisz, Patrick"]
[Black "Diebel, Guenter"]
[Result "0-1"]
[WhiteElo "1803"]
[BlackElo "1700"]
[PlyCount "30"]
[EventDate "2016.01.03"]
[EventType "swiss"]
[EventRounds "7"]
[EventCountry "GER"]
[SourceTitle "EXT 2018"]
[Source "ChessBase"]
[SourceDate "2017.10.13"]
[SourceVersion "1"]
[SourceVersionDate "2017.10.13"]
[SourceQuality "1"]

1. e4 c5 2. Nf3 Nc6 3. Bb5 Nd4 4. Bc4 e6 5. Nc3 a6 6. 0-0 b5 7. Be2 Bb7 8. Re1 b4 9. Nb1 Bxe4 10. Nxd4 cxd4 11. Bxa6 Bxg2 12. Kxg2 Rxa6 13. Qe2 Qa8+ 14. Kg1 e5 15. d3 Rg6+ 0-1

[Event "Mittelfranken-ch QT"]
[Site "Nuremberg"]
[Date "2015.04.04"]
[Round "7"]
[White "Gets, Alexej"]
[Black "Diebel, Guenter"]
[Result "1/2-1/2"]
[WhiteElo "1643"]
[BlackElo "1709"]
[PlyCount "62"]
[EventDate "2015.04.01"]
[EventType "swiss"]
[EventRounds "7"]
[EventCountry "GER"]
[SourceTitle "CBM 166 Extra"]
[Source "ChessBase"]
[SourceDate "2015.06.18"]
[SourceVersion "1"]
[SourceVersionDate "2015.06.18"]
[SourceQuality "1"]

1. c4 c6 2. b4 e5 3. Bb2 Bd6 4. Nf3 f6 5. Qb3 Bc7 6. Nc3 Ne7 7. c5 d5 8. cxd6 Qxd6 9. b5 Be6 10. Qa4 Nd5 11. Ne4 Qb4 12. Qxb4 Nxb4 13. bxc6 N8xc6 14. Nc5 Bd5 15. e4 Bf7 16. Bb5 0-0-0 17. 0-0 a6 18. Bxc6 Nxc6 19. Rfc1 Kb8 20. Nxa6+ bxa6 21. Rxc6 Rd6 22. Rxd6 Bxd6 23. d4 exd4 24. Bxd4 Rc8 25. Rb1+ Ka8 26. g3 Bxa2 27. Rb6 Rc1+ 28. Kg2 Bc4 29. Nd2 Bc7 30. Nxc4 Rxc4 31. Rxa6+ Kb7 1/2-1/2

[Event "Mittelfranken Mitte-ch"]
[Site "Zirndorf"]
[Date "2015.01.03"]
[Round "3"]
[White "Diebel, Guenter"]
[Black "Wirth, Karl Heinz"]
[Result "0-1"]
[WhiteElo "1690"]
[BlackElo "1788"]
[PlyCount "56"]
[EventDate "2015.01.02"]
[EventType "swiss"]
[EventRounds "7"]
[EventCountry "GE2"]
[SourceTitle "EXT 2018"]
[Source "ChessBase"]
[SourceDate "2017.10.13"]
[SourceVersion "1"]
[SourceVersionDate "2017.10.13"]
[SourceQuality "1"]

1. e4 e5 2. Nf3 f5 3. Nc3 fxe4 4. Nxe4 d5 5. Nc3 e4 6. Nd4 Nf6 7. d3 c5 8. Nb3 exd3 9. Qxd3 c4 10. Qe2+ Be7 11. Nd4 0-0 12. Be3 Nc6 13. 0-0-0 Bb4 14. Nxc6 bxc6 15. Bd4 Bf5 16. f3 Qc7 17. g4 Rae8 18. Qf2 Bg6 19. h4 Nxg4 20. Qg1 Qf4+ 21. Kb1 Qxf3 22. Bg2 Qf5 23. h5 Qxc2+ 24. Ka1 Rf2 25. Bxf2 Bxc3 26. Rb1 Nxf2 27. bxc3 Qxc3+ 28. Rb2 Nxh1 0-1

[Event "Mittelfranken-ch QT"]
[Site "Mittelfranken"]
[Date "2014.04.18"]
[Round "6.8"]
[White "Stohl, Tristan"]
[Black "Diebel, Guenter"]
[Result "0-1"]
[WhiteElo "1355"]
[BlackElo "1660"]
[PlyCount "110"]
[EventDate "2014.04.16"]
[EventType "swiss"]
[EventRounds "7"]
[EventCountry "GER"]
[SourceTitle "EXT 2022"]
[Source "ChessBase"]
[SourceDate "2021.10.06"]
[SourceVersion "1"]
[SourceVersionDate "2021.10.06"]
[SourceQuality "1"]

1. f4 d5 2. Nf3 Bg4 3. e3 Nf6 4. h3 Bxf3 5. Qxf3 e6 6. b3 Ne4 7. Bb2 Qh4+ 8. Ke2 Ng3+ 9. Kd1 Nxh1 10. Nc3 Nf2+ 11. Ke2 Ne4 12. Nxe4 dxe4 13. Qxe4 Qh5+ 14. g4 Qd5 15. Qa4+ Qc6 16. Bg2 Qxa4 17. bxa4 c6 18. Rb1 Nd7 19. Bd4 c5 20. Bc3 Rb8 21. g5 b6 22. Bc6 Ke7 23. d4 cxd4 24. Bb4+ Nc5 25. exd4 Kd6 26. Bb5 Be7 27. c4 Kc7 28. dxc5 bxc5 29. Ba5+ Kb7 30. Rd1 Rhd8 31. Bxd8 Rxd8 32. Rxd8 Bxd8 33. Be8 f6 34. gxf6 Bxf6 35. Kf3 Kc7 36. a5 a6 37. Ke4 Bc3 38. Bf7 Kd7 39. f5 exf5+ 40. Kxf5 Bxa5 41. Bg8 h6 42. h4 Bc3 43. Bh7 Kc6 44. Ke6 Kb6 45. Bc2 Ka5 46. Be4 Kb4 47. Bb7 a5 48. Kd5 Bd4 49. Bc6 Ka3 50. Bb5 Kxa2 51. Kc6 Kb3 52. Kb6 a4 53. Bxa4+ Kxa4 54. Ka6 Kb4 55. Kb6 Kxc4 0-1